[Event "21. Copenhagen Open  (Politiken Cup)"]
[Site "Copenhagen"]
[Date "1999.07.12"]
[Round "9"]
[White "Laursen, Niels Norskov"]
[Black "Ronsted, Torben"]
[Result "0-1"]
[WhiteElo "2055"]
[BlackElo "1915"]
[PlyCount "28"]
[EventDate "1999.07.03"]
[EventType "swiss"]
[EventRounds "11"]
[EventCountry "DEN"]
[SourceDate "2004.01.01"]

1. d4 c6 2. c4 d5 3. Nf3 Nf6 4. g3 dxc4 5. Bg2 b5 6. O-O e6 7. Nc3 Bb7 8. e4
Be7 9. e5 Nd5 10. Ne4 h6 11. Nh4 Nd7 12. Qg4 g5 13. Ng6 fxg6 14. Qxe6 Nf8 0-1

[Event "21. Copenhagen Open  (Politiken Cup)"]
[Site "Copenhagen"]
[Date "1999.07.12"]
[Round "9"]
[White "Lyrberg, Patrik"]
[Black "Larsen, Peter"]
[Result "1-0"]
[WhiteElo "2395"]
[BlackElo "2259"]
[PlyCount "109"]
[EventDate "1999.07.03"]
[EventType "swiss"]
[EventRounds "11"]
[EventCountry "DEN"]
[SourceDate "2004.01.01"]

1. Nf3 c5 2. g3 Nc6 3. Bg2 g6 4. O-O Bg7 5. e4 e6 6. d3 Nge7 7. Nc3 Rb8 8. Be3
Nd4 9. Qd2 O-O 10. Bh6 Nxf3+ 11. Bxf3 Nc6 12. Bxg7 Kxg7 13. Bg2 b5 14. f4 b4
15. Ne2 Nd4 16. Nxd4 cxd4 17. g4 Qh4 18. Rf3 Qxg4 19. Qf2 Rb5 20. Qxd4+ f6 21.
Qxa7 g5 22. fxg5 Rxg5 23. Rg3 Qh4 24. Qe3 Rxg3 25. hxg3 Qg4 26. Rf1 e5 27. Kf2
f5 28. exf5 Rxf5+ 29. Ke1 Rg5 30. Bd5 d6 31. Qa7+ Kh6 32. Rh1+ Rh5 33. Rxh5+
Qxh5 34. Qe7 Qg5 35. Qxg5+ Kxg5 36. Kf2 Bd7 37. a3 bxa3 38. bxa3 Ba4 39. c3 Bc2
40. Be4 d5 41. Bxh7 Kg4 42. Bg6 Kg5 43. Bf7 d4 44. cxd4 exd4 45. Bc4 Ba4 46.
Be6 Kf6 47. Bg4 Kg5 48. Bf3 Kf5 49. Ke1 Ke5 50. Bd1 Bc6 51. Kf2 Kf5 52. a4 Kg5
53. Bb3 Kf5 54. a5 Ke5 55. a6 1-0

[Event "21. Copenhagen Open  (Politiken Cup)"]
[Site "Copenhagen"]
[Date "1999.07.12"]
[Round "9"]
[White "Lonborg, Morten"]
[Black "Sorensen, Torben N"]
[Result "0-1"]
[WhiteElo "2159"]
[BlackElo "2348"]
[PlyCount "104"]
[EventDate "1999.07.03"]
[EventType "swiss"]
[EventRounds "11"]
[EventCountry "DEN"]
[SourceDate "2004.01.01"]

1. e4 c5 2. Nf3 d6 3. d4 cxd4 4. Nxd4 Nf6 5. Nc3 e6 6. g4 h6 7. Rg1 Nc6 8. h4
h5 9. gxh5 Nxh5 10. Bg5 Nf6 11. Qd2 a6 12. O-O-O Qb6 13. Nb3 Qc7 14. f4 Bd7 15.
Rg3 Nh7 16. f5 Nxg5 17. hxg5 O-O-O 18. fxe6 fxe6 19. Ne2 Kb8 20. Nf4 Bc8 21.
Ng6 Rh5 22. Qe2 Rh7 23. Nxf8 Rxf8 24. Kb1 Ne5 25. Nd4 Rh1 26. Bh3 Rxd1+ 27.
Qxd1 Qf7 28. b3 Qe7 29. g6 Rf6 30. Qh5 Bd7 31. Qh8+ Rf8 32. Qh7 Ka7 33. a4 Rf6
34. Kb2 Be8 35. Nxe6 Bxg6 36. Qxg7 Rxe6 37. Qh6 Rf6 38. Qd2 Nc6 39. Re3 Qe5+
40. Ka2 Bxe4 41. Bg2 d5 42. b4 Qd4 43. Qxd4+ Nxd4 44. Bxe4 Re6 45. Rd3 Rxe4 46.
Kb2 Nc6 47. c3 d4 48. b5 dxc3+ 49. Kxc3 axb5 50. axb5 Na5 51. Rd5 Kb6 52. Rh5
Rc4+ 0-1

[Event "21. Copenhagen Open  (Politiken Cup)"]
[Site "Copenhagen"]
[Date "1999.07.12"]
[Round "9"]
[White "Manley, Christian"]
[Black "McShane, Rod"]
[Result "1/2-1/2"]
[WhiteElo "1086"]
[BlackElo "1352"]
[PlyCount "158"]
[EventDate "1999.07.03"]
[EventType "swiss"]
[EventRounds "11"]
[EventCountry "DEN"]
[SourceDate "2004.01.01"]

1. c4 Nf6 2. Nc3 g6 3. e3 d6 4. g3 Bg7 5. Bg2 O-O 6. d4 Nbd7 7. Nh3 Nb6 8. b3
c6 9. O-O Bg4 10. Qc2 d5 11. c5 Nbd7 12. Bd2 e5 13. dxe5 Nxe5 14. a3 Bf5 15.
Qd1 Bd3 16. Re1 Ned7 17. b4 Ne4 18. Bxe4 Bxe4 19. f3 Bd3 20. Qc1 Ne5 21. Kg2
Nc4 22. Ra2 f5 23. e4 Nxd2 24. Rxd2 Bxc3 25. Qxc3 fxe4 26. fxe4 dxe4 27. Kg1
Qf6 28. Qb3+ Qf7 29. Qc3 Qf5 30. Qb3+ Kg7 31. Qc3+ Kh6 32. Qc1 g5 33. Rxd3 Qxh3
34. Rd6+ Kg7 35. Qc3+ Kg8 36. Qc4+ Kh8 37. Qd4+ Kg8 38. Qc4+ Rf7 39. Rf1 Qxf1+
40. Qxf1 Rxf1+ 41. Kxf1 Rf8+ 42. Ke2 Rf3 43. Re6 Rxa3 44. Rxe4 Kf7 45. g4 Ra2+
46. Kd3 Rxh2 47. Rd4 Ke7 48. Re4+ Kd7 49. Re5 h6 50. Rf5 Ke6 51. Kd4 Rd2+ 52.
Ke4 Rd5 53. Rf8 Rd1 54. Re8+ Kf7 55. Ra8 Rb1 56. Rxa7 Rxb4+ 57. Ke5 Ke7 58. Kf5
Kf7 59. Ke5 Ke7 60. Kf5 Rf4+ 61. Kg6 Rf6+ 62. Kh5 Ke6 63. Rxb7 Kd5 64. Rh7 Rf1
65. Rxh6 Rh1+ 66. Kxg5 Re1 67. Kg6 Kxc5 68. g5 Kd5 69. Kg7 Rf1 70. g6 c5 71.
Kh7 c4 72. g7 Rf7 73. Kh8 Rxg7 74. Kxg7 c3 75. Rh8 Kd4 76. Rc8 Kd3 77. Kf6 Kd2
78. Ke5 c2 79. Rd8+ Ke2 1/2-1/2

[Event "21. Copenhagen Open  (Politiken Cup)"]
[Site "Copenhagen"]
[Date "1999.07.12"]
[Round "9"]
[White "Matthiesen, Martin"]
[Black "Nielsen, Morten"]
[Result "1-0"]
[WhiteElo "2322"]
[BlackElo "2077"]
[PlyCount "79"]
[EventDate "1999.07.03"]
[EventType "swiss"]
[EventRounds "11"]
[EventCountry "DEN"]
[SourceDate "2004.01.01"]

1. d4 Nf6 2. Nf3 c5 3. d5 e6 4. Nc3 Nxd5 5. Nxd5 exd5 6. Qxd5 Be7 7. e4 d6 8.
Qh5 Be6 9. Ng5 Bxg5 10. Bxg5 Qb6 11. O-O-O Na6 12. a3 c4 13. Be3 Qc6 14. Be2
O-O 15. Qg5 f6 16. Qg3 Rad8 17. Bd4 Nc5 18. f3 b5 19. Qe1 Qb6 20. Bc3 Nb7 21.
Qg1 Nc5 22. Qe1 Nb7 23. Bd4 Nc5 24. Kb1 a5 25. c3 Rb8 26. g4 Qc6 27. Rg1 Rb7
28. Qd2 Nb3 29. Qf4 b4 30. cxb4 axb4 31. axb4 Nxd4 32. Rxd4 Qa4 33. Qxd6 Ra7
34. Qxe6+ Kh8 35. Qd6 Rg8 36. Rc1 Qa2+ 37. Kc2 Qb3+ 38. Kd2 Ra2 39. Rc2 Rxb2
40. Rdxc4 {Time} 1-0

[Event "21. Copenhagen Open  (Politiken Cup)"]
[Site "Copenhagen"]
[Date "1999.07.12"]
[Round "9"]
[White "Mortensen, Erling"]
[Black "Olsen, Heini"]
[Result "1-0"]
[WhiteElo "2445"]
[BlackElo "2292"]
[PlyCount "57"]
[EventDate "1999.07.03"]
[EventType "swiss"]
[EventRounds "11"]
[EventCountry "DEN"]
[SourceDate "2004.01.01"]

1. e4 e5 2. Nf3 Nc6 3. Bb5 a6 4. Ba4 Nf6 5. d3 b5 6. Bb3 Be7 7. O-O O-O 8. Re1
d6 9. c3 Na5 10. Bc2 c5 11. Nbd2 Nc6 12. Nf1 Re8 13. a4 Rb8 14. h3 h6 15. axb5
axb5 16. d4 Bf8 17. Ng3 Qc7 18. d5 Ne7 19. Be3 Ng6 20. Qd2 Bd7 21. b4 Ra8 22.
bxc5 dxc5 23. c4 bxc4 24. Qc3 Rab8 25. Nd2 Rb4 26. Nxc4 Nf4 27. Nf1 Bb5 28.
Nfd2 Bd6 29. Nxd6 1-0

[Event "21. Copenhagen Open  (Politiken Cup)"]
[Site "Copenhagen"]
[Date "1999.07.12"]
[Round "9"]
[White "Mortensen, Henrik"]
[Black "Pedersen, Bent O"]
[Result "0-1"]
[WhiteElo "2078"]
[BlackElo "1702"]
[PlyCount "88"]
[EventDate "1999.07.03"]
[EventType "swiss"]
[EventRounds "11"]
[EventCountry "DEN"]
[SourceDate "2004.01.01"]

1. e4 c5 2. Nf3 Nf6 3. Nc3 Nc6 4. d4 d5 5. exd5 Nxd5 6. Nxd5 Qxd5 7. Be3 cxd4
8. Nxd4 Qa5+ 9. c3 Nxd4 10. b4 Qc7 11. Qxd4 Bd7 12. Qc5 Rc8 13. Qxc7 Rxc7 14.
Bxa7 e5 15. Kd2 Bc6 16. f3 Rd7+ 17. Ke3 g6 18. b5 Bh6+ 19. Kf2 Rd2+ 20. Ke1 Bd5
21. Rd1 Rxd1+ 22. Kxd1 Bxa2 23. Bd3 Kd7 24. Be4 Bb3+ 25. Bc2 Bc4 26. Be4 Ra8
27. b6 Rd8 28. Bxb7 Ke7+ 29. Kc2 Rd2+ 30. Kb1 Be3 31. Re1 Bd3+ 32. Ka1 Be2 33.
Bd5 f6 34. Bb3 Bc5 35. f4 e4 36. Bg8 h6 37. Bb3 f5 38. Ba4 Bc4 39. Rd1 Ra2+ 40.
Kb1 Rxa4 41. Bb8 Bd3+ 42. Kb2 Bxb6 43. Kb3 Ra8 44. Be5 Bc5 0-1

[Event "21. Copenhagen Open  (Politiken Cup)"]
[Site "Copenhagen"]
[Date "1999.07.12"]
[Round "9"]
[White "Nielsen, Borge Hjerrild"]
[Black "Kristjansson, Stefan"]
[Result "1/2-1/2"]
[WhiteElo "2142"]
[BlackElo "2278"]
[PlyCount "101"]
[EventDate "1999.07.03"]
[EventType "swiss"]
[EventRounds "11"]
[EventCountry "DEN"]
[SourceDate "2004.01.01"]

1. d4 d5 2. c4 c6 3. cxd5 cxd5 4. Nc3 Nf6 5. Nf3 Nc6 6. Bf4 a6 7. e3 Bg4 8. Be2
e6 9. Ne5 Nxe5 10. Bxe5 Bxe2 11. Qxe2 Nd7 12. Bg3 Bb4 13. O-O O-O 14. Rfc1 Rc8
15. Nd1 Qb6 16. a3 Be7 17. Qd2 h5 18. h3 Qb3 19. Rc7 Rxc7 20. Bxc7 Rc8 21. Rc1
Nf8 22. Rc3 Qa4 23. Qc1 Qd7 24. Kf1 f6 25. Bg3 Rxc3 26. Qxc3 Kf7 27. Qc7 Qxc7
28. Bxc7 Ke8 29. Ke2 Kd7 30. Bg3 Kc6 31. Kd3 Nd7 32. f3 Nb6 33. e4 Nc4 34. Be1
b5 35. Bc3 a5 36. Be1 b4 37. axb4 axb4 38. b3 Na5 39. Kc2 dxe4 40. fxe4 f5 41.
exf5 exf5 42. Ne3 f4 43. Nc4 Nb7 44. Kd3 Kd5 45. Nb6+ Ke6 46. Ke4 g5 47. Nc4
Bd6 48. Bd2 Be7 49. Be1 Bd6 50. Bd2 Be7 51. Be1 1/2-1/2

[Event "21. Copenhagen Open  (Politiken Cup)"]
[Site "Copenhagen"]
[Date "1999.07.12"]
[Round "9"]
[White "Nielsen, Frode Benedikt"]
[Black "Rasmussen, Morten Fredsgaard"]
[Result "1-0"]
[WhiteElo "1949"]
[BlackElo "1771"]
[PlyCount "49"]
[EventDate "1999.07.03"]
[EventType "swiss"]
[EventRounds "11"]
[EventCountry "DEN"]
[SourceDate "2004.01.01"]

1. e4 e6 2. Qe2 Be7 3. g3 d5 4. Bg2 dxe4 5. Bxe4 Nf6 6. Bg2 Nbd7 7. Nf3 Rb8 8.
a4 b6 9. Nd4 Bb7 10. Bxb7 Rxb7 11. Nc6 Qa8 12. Nxe7 Kxe7 13. d4 c5 14. Be3 Rc8
15. O-O Rbc7 16. c3 cxd4 17. Bxd4 Kf8 18. a5 Nd5 19. Nd2 b5 20. Qxb5 Rb8 21.
Qd3 e5 22. Bb6 Rcc8 23. c4 N5f6 24. Be3 Rxb2 25. Qa3+ 1-0

[Event "21. Copenhagen Open  (Politiken Cup)"]
[Site "Copenhagen"]
[Date "1999.07.12"]
[Round "9"]
[White "Nilssen, John Arni"]
[Black "Danielsen, Henrik"]
[Result "0-1"]
[WhiteElo "2326"]
[BlackElo "2512"]
[PlyCount "80"]
[EventDate "1999.07.03"]
[EventType "swiss"]
[EventRounds "11"]
[EventCountry "DEN"]
[SourceDate "2004.01.01"]

1. d4 f5 2. g3 Nf6 3. Bg2 c6 4. c4 d6 5. Nf3 g6 6. O-O Bg7 7. Nc3 O-O 8. d5 Bd7
9. Be3 Na6 10. Qc1 cxd5 11. cxd5 Rc8 12. Qd2 Nc5 13. h3 a5 14. Nd4 Qb6 15. Ne6
Bxe6 16. dxe6 Qb4 17. Bd5 a4 18. Rab1 Rfe8 19. Rfc1 Kf8 20. f3 Rc7 21. g4 Nxd5
22. Qxd5 f4 23. a3 Qb3 24. Bd4 Nxe6 25. Bxg7+ Kxg7 26. Rd1 Qxd5 27. Rxd5 Rc4
28. Rbd1 Ra8 29. h4 Kf7 30. R1d2 Ra6 31. Kf2 Nc5 32. R5d4 Rxd4 33. Rxd4 e5 34.
Rb4 Ke6 35. Rb5 Kd7 36. Ke1 Kc6 37. Rb4 d5 38. Kd1 d4 39. Nb1 b6 40. Nd2 Ra8
0-1

[Event "21. Copenhagen Open  (Politiken Cup)"]
[Site "Copenhagen"]
[Date "1999.07.12"]
[Round "9"]
[White "Nolsoe, Eydun"]
[Black "Backlund, Anders"]
[Result "1-0"]
[WhiteElo "2184"]
[BlackElo "2265"]
[PlyCount "55"]
[EventDate "1999.07.03"]
[EventType "swiss"]
[EventRounds "11"]
[EventCountry "DEN"]
[SourceDate "2004.01.01"]

1. e4 c5 2. Nf3 e6 3. d4 cxd4 4. Nxd4 a6 5. Be2 Nf6 6. Nc3 Qc7 7. O-O Bb4 8.
Qd3 d6 9. Qg3 O-O 10. Bh6 Ne8 11. Kh1 Kh8 12. Bd2 Bc5 13. Nb3 Ba7 14. f4 Nd7
15. Rae1 Nef6 16. Bd3 Nc5 17. Nxc5 Bxc5 18. e5 Ng8 19. Ne4 d5 20. Nxc5 Qxc5 21.
Qh4 f5 22. exf6 Nxf6 23. f5 Ne4 24. f6 gxf6 25. Bxe4 dxe4 26. Rxf6 Bd7 27. Ref1
Bb5 28. Rf7 1-0

[Event "21. Copenhagen Open  (Politiken Cup)"]
[Site "Copenhagen"]
[Date "1999.07.12"]
[Round "9"]
[White "Nuoristo, Peter"]
[Black "Coleman, David"]
[Result "0-1"]
[WhiteElo "2266"]
[BlackElo "2240"]
[PlyCount "94"]
[EventDate "1999.07.03"]
[EventType "swiss"]
[EventRounds "11"]
[EventCountry "DEN"]
[SourceDate "2004.01.01"]

1. d4 Nf6 2. c4 g6 3. Nc3 Bg7 4. e4 d6 5. Nf3 O-O 6. Be2 e5 7. O-O Nc6 8. d5
Ne7 9. b4 Kh8 10. Nd2 Ne8 11. c5 f5 12. f3 Ng8 13. Nc4 Nh6 14. cxd6 cxd6 15. b5
f4 16. Qe1 Nf6 17. Ba3 Nf7 18. b6 a6 19. Rb1 g5 20. Na5 g4 21. fxg4 Qe7 22. Nc6
Qe8 23. Qh4 bxc6 24. b7 Bxb7 25. Rxb7 cxd5 26. g5 Nxe4 27. Nxe4 dxe4 28. g6 Nh6
29. Bxd6 Rg8 30. Qxh6 Qxg6 31. Qxg6 hxg6 32. Rc1 Rad8 33. Rxg7 Rxd6 34. Re7 g5
35. Rcc7 Rh6 36. Rxe5 e3 37. Rcc5 Rb6 38. Rc1 Rb2 39. Bc4 Rc8 40. Rxg5 Rxc4 41.
Rd1 Rd2 42. Rb1 Rcd4 43. Re1 Rxa2 44. h4 Rda4 45. Rf5 Ra1 46. Kf1 Kg7 47. g3
e2+ 0-1

[Event "21. Copenhagen Open  (Politiken Cup)"]
[Site "Copenhagen"]
[Date "1999.07.12"]
[Round "9"]
[White "Olsen, Peter Erik"]
[Black "Nilsson, Nils Specht"]
[Result "1-0"]
[WhiteElo "2248"]
[BlackElo "2194"]
[PlyCount "115"]
[EventDate "1999.07.03"]
[EventType "swiss"]
[EventRounds "11"]
[EventCountry "DEN"]
[SourceDate "2004.01.01"]

1. d4 c6 2. c4 d5 3. Nc3 Nf6 4. Nf3 g6 5. e3 Bg7 6. Bd3 O-O 7. O-O dxc4 8. Bxc4
Nbd7 9. Re1 Nb6 10. Bb3 Nfd7 11. e4 e5 12. Be3 exd4 13. Bxd4 Qe7 14. Bxg7 Kxg7
15. Qd4+ Kg8 16. e5 Nc5 17. Bc2 Rd8 18. Qe3 Nd5 19. Nxd5 cxd5 20. Nd4 Ne6 21.
Bb3 Nxd4 22. Qxd4 Be6 23. Rac1 b6 24. Rc6 Rac8 25. Rec1 Rxc6 26. Rxc6 Qb7 27.
Rc3 Rc8 28. h3 Qd7 29. f4 Rxc3 30. bxc3 Qc6 31. Kh2 Kf8 32. g4 Ke7 33. Bc2 Qb5
34. Bd3 Qc5 35. f5 Bd7 36. Kg3 Qxd4 37. cxd4 b5 38. Kf4 gxf5 39. gxf5 h6 40.
Kg4 b4 41. Ba6 Ba4 42. Bb7 Bc2 43. Bxd5 a5 44. f6+ Kf8 45. Kf4 a4 46. Ke3 Bf5
47. h4 b3 48. axb3 a3 49. b4 Bb1 50. b5 a2 51. Bxa2 Bxa2 52. Ke4 Ke8 53. d5 Bc4
54. b6 Ba6 55. e6 fxe6 56. dxe6 Bf1 57. Ke5 Bg2 58. Kd6 1-0

[Event "21. Copenhagen Open  (Politiken Cup)"]
[Site "Copenhagen"]
[Date "1999.07.12"]
[Round "9"]
[White "Pedersen, Steffen"]
[Black "Rasmussen, Casper Dahl"]
[Result "1/2-1/2"]
[WhiteElo "2427"]
[BlackElo "2240"]
[PlyCount "51"]
[EventDate "1999.07.03"]
[EventType "swiss"]
[EventRounds "11"]
[EventCountry "DEN"]
[SourceDate "2004.01.01"]

1. d4 d5 2. c4 dxc4 3. e4 e5 4. Nf3 exd4 5. Bxc4 Nc6 6. O-O Be6 7. Bb5 Bc5 8.
Nbd2 Nge7 9. Ng5 Qd6 10. Nxe6 Qxe6 11. Nb3 Qd6 12. Bf4 Qxf4 13. Nxc5 O-O 14.
Rc1 b6 15. Na6 Qxe4 16. Re1 Qg6 17. Qf3 d3 18. Bxc6 Nxc6 19. Rxc6 d2 20. Rf1
Qg5 21. Nxc7 Rad8 22. g3 Qe5 23. Qb3 Rd7 24. Nb5 d1=Q 25. Rxd1 Rxd1+ 26. Qxd1
1/2-1/2

[Event "21. Copenhagen Open  (Politiken Cup)"]
[Site "Copenhagen"]
[Date "1999.07.12"]
[Round "9"]
[White "Pedersen, Torben"]
[Black "Auchenberg, Per"]
[Result "0-1"]
[WhiteElo "1625"]
[BlackElo "2054"]
[PlyCount "40"]
[EventDate "1999.07.03"]
[EventType "swiss"]
[EventRounds "11"]
[EventCountry "DEN"]
[SourceDate "2004.01.01"]

1. e4 c5 2. Nf3 e6 3. d4 cxd4 4. Nxd4 a6 5. Be2 Nf6 6. Nc3 Bb4 7. Qd3 d5 8.
exd5 Nxd5 9. O-O Nxc3 10. bxc3 Be7 11. Qg3 O-O 12. Bf4 Bh4 13. Qg4 e5 14. Nf5
Bxf5 15. Qxf5 exf4 16. Rad1 Qf6 17. Qe4 Nc6 18. Bd3 g6 19. g3 Rfe8 20. Qxf4
Qxf4 0-1

[Event "21. Copenhagen Open  (Politiken Cup)"]
[Site "Copenhagen"]
[Date "1999.07.12"]
[Round "9"]
[White "Petersen, Steffen"]
[Black "Ori, Marco"]
[Result "0-1"]
[WhiteElo "1875"]
[BlackElo "2068"]
[PlyCount "50"]
[EventDate "1999.07.03"]
[EventType "swiss"]
[EventRounds "11"]
[EventCountry "DEN"]
[SourceDate "2004.01.01"]

1. Nf3 d5 2. d4 Nf6 3. Bf4 Bf5 4. e3 e6 5. Bd3 Bxd3 6. Qxd3 Bd6 7. Ne5 c6 8.
Nd2 Qc7 9. Ndf3 Nbd7 10. O-O Nh5 11. Bg3 Nxg3 12. hxg3 Nxe5 13. dxe5 Bxe5 14.
c3 Bf6 15. a4 h5 16. e4 O-O-O 17. a5 a6 18. Rfc1 g5 19. b4 g4 20. Nh2 Qe5 21.
exd5 Rxd5 22. Qc2 Rhd8 23. Nf1 Qg5 24. Ra2 Rd3 25. Qe2 Qxc1 0-1

[Event "21. Copenhagen Open  (Politiken Cup)"]
[Site "Copenhagen"]
[Date "1999.07.12"]
[Round "9"]
[White "Poulsen, Martin"]
[Black "Petersen, Lars"]
[Result "1-0"]
[WhiteElo "1775"]
[BlackElo "2096"]
[PlyCount "55"]
[EventDate "1999.07.03"]
[EventType "swiss"]
[EventRounds "11"]
[EventCountry "DEN"]
[SourceDate "2004.01.01"]

1. e4 d6 2. d4 g6 3. c4 Bg7 4. Nc3 e6 5. Nf3 Ne7 6. Be3 Nd7 7. Be2 c6 8. Qd2 h6
9. O-O Qc7 10. Rfd1 Kf8 11. Rac1 Kg8 12. d5 exd5 13. cxd5 c5 14. Nb5 Qb6 15.
Bf4 g5 16. Bxd6 Ng6 17. a4 Bf8 18. Bxf8 Kxf8 19. Qc3 f6 20. b4 cxb4 21. Qxb4+
Kg8 22. Rc7 a5 23. Qc4 Kh7 24. Rc1 h5 25. e5 Ngxe5 26. Nxe5 fxe5 27. d6 Kh6 28.
Qe6+ 1-0

[Event "21. Copenhagen Open  (Politiken Cup)"]
[Site "Copenhagen"]
[Date "1999.07.12"]
[Round "9"]
[White "Preuss, Flemming"]
[Black "Madhy, Nezar"]
[Result "1-0"]
[WhiteElo "2078"]
[BlackElo "1689"]
[PlyCount "87"]
[EventDate "1999.07.03"]
[EventType "swiss"]
[EventRounds "11"]
[EventCountry "DEN"]
[SourceDate "2004.01.01"]

1. f4 e5 2. e4 exf4 3. Nf3 Nf6 4. e5 Qe7 5. d4 Nd5 6. Nc3 Qb4 7. Qd3 Nxc3 8.
bxc3 Qa5 9. Bxf4 d6 10. Be2 Nc6 11. O-O dxe5 12. Nxe5 Nxe5 13. Bxe5 Be6 14. Bf3
c6 15. Rfb1 O-O-O 16. a4 f6 17. Bg3 Bd6 18. Bxd6 Rxd6 19. Rb4 Bf5 20. Be4 Bxe4
21. Qxe4 f5 22. Qf4 Rd7 23. Re1 g6 24. Re5 Qc7 25. Rb1 Re7 26. Rbe1 Rhe8 27. g4
Rxe5 28. dxe5 fxg4 29. Qxg4+ Qd7 30. e6 Qe7 31. Kg2 Kc7 32. Re4 Qd6 33. Qe2 Qd5
34. Kf1 Qf5+ 35. Ke1 Re7 36. Qe3 b6 37. Kd2 Qd5+ 38. Kc1 Kb7 39. Kb2 a6 40. Re5
Qg2 41. Qf4 b5 42. Qf6 Rc7 43. e7 bxa4 44. e8=Q 1-0

[Event "21. Copenhagen Open  (Politiken Cup)"]
[Site "Copenhagen"]
[Date "1999.07.12"]
[Round "9"]
[White "Rasmussen, Henning"]
[Black "Al Saad, Mofid"]
[Result "1-0"]
[WhiteElo "1802"]
[BlackElo "1323"]
[PlyCount "65"]
[EventDate "1999.07.03"]
[EventType "swiss"]
[EventRounds "11"]
[EventCountry "DEN"]
[SourceDate "2004.01.01"]

1. Nf3 d5 2. c4 d4 3. e3 c5 4. b4 b6 5. Bb2 Bb7 6. exd4 cxd4 7. Nxd4 Nf6 8. f3
e6 9. Be2 Be7 10. O-O O-O 11. a3 a5 12. Nc2 Qc7 13. f4 Na6 14. Be5 Qc8 15. bxa5
bxa5 16. Nc3 Nc5 17. Rb1 Rd8 18. d4 a4 19. Bf3 Be4 20. Nxe4 Ncxe4 21. Qe1 Qxc4
22. Bxe4 Nxe4 23. Qxe4 f5 24. Qb7 Re8 25. Nb4 Rad8 26. Nc6 Kf7 27. Nxd8+ Rxd8
28. h3 Qc3 29. Qf3 Qd2 30. Rb7 g6 31. Rfb1 Rc8 32. Rxe7+ Kxe7 33. Qb7+ 1-0

[Event "21. Copenhagen Open  (Politiken Cup)"]
[Site "Copenhagen"]
[Date "1999.07.12"]
[Round "9"]
[White "Rasmussen, Poul"]
[Black "Gozzi, Giorgio"]
[Result "1-0"]
[WhiteElo "1581"]
[BlackElo "1657"]
[PlyCount "73"]
[EventDate "1999.07.03"]
[EventType "swiss"]
[EventRounds "11"]
[EventCountry "DEN"]
[SourceDate "2004.01.01"]

1. e4 e6 2. d4 d5 3. Nc3 Bb4 4. e5 c5 5. a3 Bxc3+ 6. bxc3 Ne7 7. Qg4 Qc7 8.
Qxg7 Rg8 9. Qxh7 cxd4 10. Ne2 Nbc6 11. f4 dxc3 12. Qd3 Bd7 13. Qxc3 Rc8 14. Ng3
Qb6 15. Qb2 Nd4 16. Qxb6 Nxc2+ 17. Kf2 axb6 18. Rb1 Nd4 19. Be2 Nxe2 20. Nxe2
Nf5 21. h3 Rc2 22. Rb2 Rxb2 23. Bxb2 Bc6 24. Rg1 Kd7 25. g4 Ne7 26. Nd4 Rh8 27.
Kg3 Ng6 28. Nf3 Bb5 29. h4 Be2 30. h5 Bxf3 31. Kxf3 Ne7 32. Rd1 Rh7 33. Bd4 b5
34. Rb1 Nc6 35. Bc5 f5 36. exf6 Rh6 37. f7 1-0

[Event "21. Copenhagen Open  (Politiken Cup)"]
[Site "Copenhagen"]
[Date "1999.07.12"]
[Round "9"]
[White "Rosenberg, Jan"]
[Black "Grigorian, Anusit"]
[Result "1/2-1/2"]
[WhiteElo "1624"]
[BlackElo "2000"]
[PlyCount "41"]
[EventDate "1999.07.03"]
[EventType "swiss"]
[EventRounds "11"]
[EventCountry "DEN"]
[SourceDate "2004.01.01"]

1. d4 d5 2. Nf3 c5 3. c3 e6 4. Bf4 Nc6 5. e3 Nf6 6. Nbd2 a6 7. Be2 c4 8. Qc2 b5
9. Ne5 Nxe5 10. Bxe5 Nd7 11. Bg3 Nb6 12. Nf3 Bd6 13. Bxd6 Qxd6 14. Ne5 Bb7 15.
h4 Nd7 16. Nxd7 Qxd7 17. f4 Qe7 18. a3 h5 19. Kd2 f5 20. Qd1 g6 21. Qe1 1/2-1/2

[Event "21. Copenhagen Open  (Politiken Cup)"]
[Site "Copenhagen"]
[Date "1999.07.12"]
[Round "9"]
[White "Schyberg, Brian"]
[Black "Johansen, Terje"]
[Result "0-1"]
[WhiteElo "1954"]
[BlackElo "2231"]
[PlyCount "104"]
[EventDate "1999.07.03"]
[EventType "swiss"]
[EventRounds "11"]
[EventCountry "DEN"]
[SourceDate "2004.01.01"]

1. d4 d5 2. e4 dxe4 3. Nc3 Nf6 4. f3 Bf5 5. fxe4 Nxe4 6. Qf3 Nxc3 7. bxc3 Bd7
8. Qxb7 Nc6 9. Nf3 Rb8 10. Qa6 Rb6 11. Qd3 g6 12. Be3 Bg7 13. Be2 Rb2 14. O-O
O-O 15. Nd2 Rb8 16. Nb3 Qc8 17. Rf2 e6 18. Qd2 Ne7 19. Bh6 Nf5 20. Bxg7 Kxg7
21. g4 Nd6 22. Bf3 Qd8 23. Nc5 Bc8 24. Raf1 h6 25. Qf4 Qg5 26. Qxg5 hxg5 27.
Ne4 Nxe4 28. Bxe4 Rb2 29. Ra1 Bd7 30. Bd3 Ba4 31. Rff1 Rfb8 32. Rfc1 Kf8 33.
Kf1 Ke7 34. Ke1 Rh8 35. Rcb1 Rb6 36. c4 Rxh2 37. c3 Bc2 38. Bxc2 Rxc2 39. c5
Rxb1+ 40. Rxb1 Rxa2 41. Rb7 Kd7 42. Rb8 a5 43. Rf8 f5 44. Rf6 Rg2 45. d5 exd5
46. gxf5 gxf5 47. c4 dxc4 48. c6+ Ke7 49. Rxf5 c3 50. Kd1 g4 51. Rxa5 g3 52.
Rc5 Ra2 0-1

[Event "21. Copenhagen Open  (Politiken Cup)"]
[Site "Copenhagen"]
[Date "1999.07.12"]
[Round "9"]
[White "Tjornsted, Peter"]
[Black "Petersen, Nils"]
[Result "1-0"]
[WhiteElo "1837"]
[BlackElo "2067"]
[PlyCount "107"]
[EventDate "1999.07.03"]
[EventType "swiss"]
[EventRounds "11"]
[EventCountry "DEN"]
[SourceDate "2004.01.01"]

1. d4 d5 2. Nf3 c5 3. c3 e6 4. Bf4 Nf6 5. e3 Nc6 6. Nbd2 b6 7. Be2 Be7 8. h3
O-O 9. Qc2 Bb7 10. Ne5 Nxe5 11. Bxe5 Rc8 12. O-O Bd6 13. Bxd6 Qxd6 14. Nf3 Nd7
15. Bd3 g6 16. Bb5 Bc6 17. Bxc6 Rxc6 18. e4 f6 19. Rad1 c4 20. Rfe1 f5 21. exd5
exd5 22. Ne5 Rcc8 23. Nxd7 Qxd7 24. Re5 Rce8 25. Rde1 Rxe5 26. Rxe5 Re8 27. f4
Rxe5 28. fxe5 Kf7 29. Kf2 Qe7 30. g3 Qg5 31. Qe2 Ke6 32. Qc2 f4 33. gxf4 Qxf4+
34. Kg2 Qg5+ 35. Kh1 Qe3 36. Qg2 Qc1+ 37. Kh2 Qf4+ 38. Kg1 Qc1+ 39. Qf1 Qe3+
40. Kg2 Qg5+ 41. Kh2 h5 42. Qf2 Qe7 43. h4 g5 44. hxg5 Qxg5 45. Qg2 Qf4+ 46.
Kh3 Qf5+ 47. Kh4 Qe4+ 48. Kg3 Qg4+ 49. Kf2 Qf4+ 50. Ke2 Qe4+ 51. Qxe4 dxe4 52.
Ke3 Kf5 53. e6 Kxe6 54. Kxe4 1-0

[Event "21. Copenhagen Open  (Politiken Cup)"]
[Site "Copenhagen"]
[Date "1999.07.12"]
[Round "9"]
[White "Trygstad, Kristian"]
[Black "Skare, Karl Andre"]
[Result "1-0"]
[WhiteElo "2227"]
[BlackElo "2164"]
[PlyCount "31"]
[EventDate "1999.07.03"]
[EventType "swiss"]
[EventRounds "11"]
[EventCountry "DEN"]
[SourceDate "2004.01.01"]

1. e4 c6 2. d4 d5 3. f3 dxe4 4. fxe4 e6 5. Nf3 Nd7 6. Bd3 c5 7. c3 cxd4 8. cxd4
Bb4+ 9. Nc3 Ne7 10. O-O b6 11. Ng5 O-O 12. e5 h6 13. Nh7 Re8 14. Qf3 Bb7 15.
Qxf7+ Kh8 16. Bxh6 1-0

[Event "21. Copenhagen Open  (Politiken Cup)"]
[Site "Copenhagen"]
[Date "1999.07.12"]
[Round "9"]
[White "Ward, Christopher"]
[Black "Schneider, Stefan"]
[Result "1/2-1/2"]
[WhiteElo "2473"]
[BlackElo "2353"]
[PlyCount "32"]
[EventDate "1999.07.03"]
[EventType "swiss"]
[EventRounds "11"]
[EventCountry "DEN"]
[SourceDate "2004.01.01"]

1. d4 d5 2. c4 c6 3. Nf3 Nf6 4. Nc3 a6 5. a4 g6 6. Bg5 Bg7 7. e3 O-O 8. Qb3 e6
9. a5 Nbd7 10. Be2 h6 11. Bf4 Re8 12. h3 Ne4 13. Nxe4 dxe4 14. Ne5 Nxe5 15.
dxe5 c5 16. O-O Qc7 1/2-1/2